000 00526nam a2200181Ia 4500
005 20250326144510.0
008 250326s9999 xx 000 0 und d
037 _aTextbook
040 _aFMSL
_beng
_cFMSL
041 _aeng
_2eng
084 _aL:14 P8
_qFMSL
100 _aLangabeer II J R
_9749776
245 0 _aHealth care operations management
_cLangabeer II J R
260 _aLondon
_bLondon, Jones And Bartlett
_c2008
365 _b4151.5065000000004
942 _cTB
_hL:14 P8
999 _c1303935
_d1303935